Textbook of physics:heat and sound Vol II (Record no. 127218)

MARC details
000 -LEADER
fixed length control field 00490nam a2200217Ia 4500
008 - FIXED-LENGTH DATA ELEMENTS--GENERAL INFORMATION
fixed length control field 210210b1933 xxu||||| |||| 00| 0 eng d
041 ## - LANGUAGE CODE
Language code of text/sound track or separate title eng
082 ## - DEWEY DECIMAL CLASSIFICATION NUMBER
Classification number 532/30
100 ## - MAIN ENTRY--PERSONAL NAME
Personal name GRIMSEHL (E)
245 ## - TITLE STATEMENT
Title Textbook of physics:heat and sound Vol II
260 ## - PUBLICATION, DISTRIBUTION, ETC.
Place of publication, distribution, etc. London
Name of publisher, distributor, etc. Blackie & Son Ltd.
Date of publication, distribution, etc. 1933
300 ## - PHYSICAL DESCRIPTION
Extent 312
440 ## - SERIES STATEMENT/ADDED ENTRY--TITLE
Title II
650 ## - SUBJECT ADDED ENTRY--TOPICAL TERM
Topical term or geographic name entry element Vol
650 ## - SUBJECT ADDED ENTRY--TOPICAL TERM
Topical term or geographic name entry element Textbook
650 ## - SUBJECT ADDED ENTRY--TOPICAL TERM
Topical term or geographic name entry element sound
650 ## - SUBJECT ADDED ENTRY--TOPICAL TERM
Topical term or geographic name entry element physics:heat
650 ## - SUBJECT ADDED ENTRY--TOPICAL TERM
Topical term or geographic name entry element II
690 ## - LOCAL SUBJECT ADDED ENTRY--TOPICAL TERM (OCLC, RLIN)
Topical term or geographic name as entry element Physics
906 ## - LOCAL DATA ELEMENT F, LDF (RLIN)
a 008395
Holdings
Withdrawn status Lost status Damaged status Not for loan Collection code Home library Current library Date acquired Cost, normal purchase price Total Checkouts Full call number Barcode Date last seen Price effective from Koha item type
      Rare Book   St Aloysius Library St Aloysius Library 02/17/2021 0.00   532/30 008395 02/17/2021 02/17/2021 Book